Statistics for Largest states in history - The Easy Version

Click here to take the quiz!

General Stats

  • This quiz has been taken 13 times
  • The average score is 60 of 100

Answer Stats

DatesAnswerMaximum land area (Million sq. km)% Correct
351–394Former Qin2,00
100%
1868–1945Japan7,40-8,51
100%
1368–1644Ming dynasty6,50
100%
1526–1857Mughal Empire4,00
100%
221–207 BCEQin dynasty2,30
100%
1636–1912Qing dynasty14,70
100%
1991–Russia17,10
100%
1721–1917Russian Empire22,80
100%
1917–1991Soviet Union22,40
100%
1492–1898Spanish Empire13,70
100%
1776–United States10,10
100%
1497–1997British Empire35,50
91%
1206 - 1526Delhi Sultanate3,20
91%
25–220 CEEastern Han dynasty6,50
91%
317–420Eastern Jin dynasty2,80
91%
1822–1889Empire of Brazil8,34
91%
1889–Federative Republic of Brazil8,52
91%
304–329Former Zhao2,00
91%
1115–1234Jin dynasty2,30
91%
319–376Later Zhao2,50
91%
916–1145Liao dynasty2,60
91%
420–479Liu Song dynasty2,00
91%
1674–1818Maratha Confederacy2,50
91%
322–184 BCEMaurya Empire3,4 - 5,0
91%
960–1127Northern Song dynasty3,10
91%
386–535Northern Wei2,00
91%
1368–1635Northern Yuan dynasty5,00
91%
1299–1922Ottoman Empire5,20
91%
1949–Popular Republic of China9,60
91%
1912–1949Republic of China11,36
91%
1947–Republic of India3,29
91%
27 BC–395 CERoman Empire5,00
91%
1830–1962Second French colonial empire11,50
91%
1127–1279Southern Song dynasty2,10
91%
581–619Sui dynasty3,00
91%
618–690
705–907
Tang dynasty5,40
91%
1822–1999Third Portuguese Empire2,10
91%
202 BCE–9 CEWestern Han dynasty6,00
91%
266 - 316Western Jin dynasty3,10
91%
9–23 ADXin dynasty4,70
91%
1271–1368Yuan dynasty11,00
91%
550–330 BCEAchaemenid Empire5,50
82%
1901–Australia7,69
82%
1534–1814First French colonial empire3,40
82%
1804–1815First French Empire2,10
82%
1821–1823First Mexican Empire4,43
82%
1884–1918German colonial empire3,15
82%
1250–1517Mamluk Sultanate2,10
82%
1962–Algeria2,38
73%
1816–Argentina2,78
73%
1867–Canada9,98
73%
1882–1947Italian Empire3,83
73%
1960–Democratic Republic of the Congo2,35
64%
1206–1298Mongol Empire24,00
64%
395–1453Byzantine Empire2,70
55%
1602–1975Dutch Empire2,10
55%
977–1186Ghaznavid Empire3,40
55%
1037–1194Great Seljuq Empire3,90
55%
1991–Kazakhstan2,72
55%
678–549 BCEMedian Empire2,80
55%
247 BCE–224 CEParthian Empire2,80
55%
1501–1736Safavid empire2,90
55%
819–999Samanid Empire2,85
55%
224–651Sasanian Empire3,50
55%
1932–Saudi Arabia2,15
55%
312–63 BCSeleucid Empire3,90
55%
1819–1831Gran Colombia3,13
45%
661–750Umayyad Caliphate11,10
45%
750–1258Abbasid Caliphate11,10
36%
1121-1269Almohad Caliphate2,0 - 2,3
36%
1825–Bolivia2,36
36%
4th century–
6th century CE
Hunnic Empire4,00
36%
1438–1533Inca Empire2,00
36%
359–323 BCEMacedonian Empire5,20
36%
632–661Rashidun Caliphate6,40
36%
1536–1953Danish Empire3,00
27%
618–848Tibetan Empire4,60
27%
1908–1962Belgian colonial empire2,37
18%
1242–1502Golden Horde Khanate6,00
18%
880–1240Kievan Rus'2,10
18%
220–266Cao Wei2,00
9%
256–100 BCEGreco-Bactrian Kingdom2,50
9%
603–657Western Xiongnu3,50
9%
209 BCE–
1st century CE
Xiongnu Empire9,00
9%
1226–1347Chagatai Khanate3,50
0%
1637–1757Dzungar Khanate3,60
0%
603–630Eastern Turkic Khaganate4,00
0%
909–1171Fatimid Caliphate4,10
0%
552–603First Turkic Khaganate6,00
0%
786–1215Ghurid dynasty2,00
0%
1256–1335Ilkhanate3,75
0%
150 BCE–400 CEIndo-Scythian Kingdom2,60
0%
1077-1231Khwarazmian Empire2,30
0%
30–375Kushan Empire2,00
0%
330–550Rouran Khaganate2,80
0%
1663–1822Second Portuguese Empire5,50
0%
1370–1507Timurid Empire4,40
0%
744–849Uyghur Khaganate3,10
0%
581-742Western Turkic Khaganate3,50
0%
93–234Xianbei state4,50
0%

Score Distribution

Percentile by Number Answered

Percent of People with Each Score

Your Score History

You have not taken this quiz